| 000 | 00748nam a22001577a 4500 | ||
|---|---|---|---|
| 003 | OSt | ||
| 005 | 20151008094507.0 | ||
| 008 | 151008b xxu||||| |||| 00| 0 eng d | ||
| 040 | _cRUA | ||
| 082 | _aAVM HOR 2007 B079 Or.1 | ||
| 100 |
_92340 _aHORN, MANE. |
||
| 245 | _astudy on situation of dog health at veterinary service center (vsc) in khan chamca mon, phnom penh (ការសិក្សាពីស្ថានភាពសុខភាពរបស់ សុនខ ដែលជួប្រទះនៅមជ្ឈមណ្ឌលសេវាបសុព្យាបាលខ័ណ្ឌចំការមន រាជធានីភ្នំពេញ) | ||
| 260 |
_aPhnom Penh _bRUA _c2007 |
||
| 300 |
_aix, 36p. _bill. _c29cm. |
||
| 942 |
_2ddc _cAVM |
||
| 999 |
_c2206 _d2206 |
||